Charakterizácia mycéliových húb izolovaných z lignitu + CD-ROM

Salvato in:
Dettagli Bibliografici
Autore principale: Samáková, Iveta
Natura: Libro
Lingua:slovacco
Pubblicazione: Bratislava STU v Bratislave FCHPT 2005
Accesso online:Visualizza in OPAC
Tags: Aggiungi Tag
Nessun Tag, puoi essere il primo ad aggiungerne!!

MARC

LEADER 00000nam a2200000 a 4500
005 20260127134332.0
008 050624 2005 xo 000 0 slo d
035 |a vtls008162491 
039 9 |y 200506240914  |z mschk03 
040 |a STUSCHK1  |b slo  |c STUSCHK1  |e AACR2 
100 1 |a Samáková, Iveta 
245 1 |a Charakterizácia mycéliových húb izolovaných z lignitu  |b + CD-ROM 
260 |a Bratislava  |b STU v Bratislave FCHPT  |c 2005 
300 |a 87 s. 
500 |a Obháj.: 6.6. 2005 
500 |a Špec.: Biochémia amikrobiológia 
910 |a SCHK95 
999 |c 10154  |d 10154